000 00958nam a2200253Ia 4500
003 OSt
005 20220930204436.0
006 a|||||r|||| 00| 0
007 ta
008 220926b |||||||| |||| 00| 0 hin d
024 _a62564
037 _cDissertations
040 _aCRL
_cCRL
_bhin
041 _2hin
_ahin
100 _aपटेल, अभीप्सा, ले.
110 _aदिल्ली विश्वविद्यालय. कला संकाय. हिन्दी विभाग
245 0 _aहिन्दी नवगीत का शिल्प - विधान
246 _aHindī navagīt kā shilpa . Vidhāna
260 _c2018
300 _a104पृ0
_ccm.
700 _aदिल्ली विश्वविद्यालय. कला संकाय. हिन्दी विभाग
942 _cDIS
_2CC
999 _c906042
_d906042